[Event "Rilton Cup 51st"]
[Site "Stockholm"]
[Date "2024.01.02"]
[Round "6"]
[White "Koykka, Pekka"]
[Black "Logdahl, Harald"]
[Result "1/2-1/2"]
[WhiteElo "2351"]
[BlackElo "2187"]
[PlyCount "39"]
[EventDate "2023.12.27"]
[EventType "swiss"]
[EventRounds "9"]
[EventCountry "SWE"]
[SourceTitle "CB02_2024"]
[SourceDate "2024.01.10"]
[SourceVersion "1"]
[SourceVersionDate "2024.01.10"]
[SourceQuality "1"]

1. e4 Nf6 2. e5 Nd5 3. d4 d6 4. Nf3 g6 5. Bc4 Nb6 6. Bb3 Bg7 7. Ng5 e6 8. Qf3 Qe7 9. Qe3 dxe5 10. dxe5 h6 11. Nh3 Bd7 12. Bd2 Bc6 13. f3 N8d7 14. Bc3 Qc5 15. Bd4 Qa5+ 16. Bc3 Qc5 17. Bd4 Qa5+ 18. Bc3 Qc5 19. Bd4 Qa5+ 20. Bc3 1/2-1/2

[Event "Heart of Finland op 31st"]
[Site "Jyvaskyla"]
[Date "2023.07.19"]
[Round "4"]
[White "Koykka, Pekka"]
[Black "Keinanen, Toivo"]
[Result "1/2-1/2"]
[WhiteElo "2332"]
[BlackElo "2504"]
[PlyCount "175"]
[EventDate "2023.07.17"]
[EventType "swiss"]
[EventRounds "9"]
[EventCountry "FIN"]
[SourceTitle "CBM 215 Extra"]
[Source "ChessBase"]
[SourceDate "2023.09.30"]
[SourceVersion "1"]
[SourceVersionDate "2023.09.30"]
[SourceQuality "1"]

1. e4 d6 2. d4 Nf6 3. Nc3 g6 4. Bg5 Bg7 5. Qd2 h6 6. Bh4 0-0 7. 0-0-0 c6 8. Qe1 Qa5 9. f4 e5 10. dxe5 dxe5 11. f5 b5 12. Nf3 Nbd7 13. Bxf6 Nxf6 14. Nxe5 Qc7 15. Nf3 gxf5 16. exf5 Bxf5 17. Bd3 b4 18. Ne2 Bg4 19. Qg3 Qa5 20. Kb1 Be6 21. Nc1 Kh8 22. Nd4 Nh5 23. Qh4 Qe5 24. Qe4 Qxe4 25. Bxe4 Bxd4 26. Rxd4 c5 27. Bxa8 cxd4 28. Bf3 Ng7 29. Rd1 Rd8 30. Ne2 Nf5 31. Be4 Bc4 32. Bxf5 Bxe2 33. Rd2 Ba6 34. Kc1 Kg7 35. Bd3 Bb7 36. Rf2 Rd6 37. Rf4 Kf8 38. g3 Ke7 39. Kd2 Bc8 40. Bc4 f6 41. Re4+ Kf8 42. Bb5 Be6 43. Rf4 Bf7 44. Kd3 Bg6+ 45. Kc4 Rd8 46. Ba4 a5 47. Rxf6+ Kg7 48. Rf2 Bf7+ 49. Kc5 Bxa2 50. Rd2 b3 51. cxb3 d3 52. Bb5 Bb1 53. Kc4 Kf6 54. Kc3 Rc8+ 55. Kd4 Rd8+ 56. Ke3 Rb8 57. Bc4 Bc2 58. Rf2+ Ke5 59. Kd2 Bxb3 60. Bxd3 Be6 61. Kc1 Kd4 62. Bc2 Ke5 63. Rf4 Rc8 64. Kb1 Bd5 65. Rh4 Rf8 66. b3 Rf1+ 67. Kb2 Rf2 68. Kc1 Rf1+ 69. Kd2 Rf2+ 70. Kd3 Rf3+ 71. Ke2 Rc3 72. Kd2 Rf3 73. Bd1 Rf6 74. Ke3 Kd6 75. Ra4 Rf1 76. Be2 Rb1 77. Rxa5 Rxb3+ 78. Kf4 Rb4+ 79. Ke3 Rb3+ 80. Kf2 Rb2 81. Ra4 Ke7 82. Rh4 Kf8 83. Ke3 Kg7 84. Bd3 Bf7 85. Rg4+ Kf6 86. Rf4+ Kg7 87. Rg4+ Kf6 88. Rf4+ 1/2-1/2

[Event "Heart of Finland op 31st"]
[Site "Jyvaskyla"]
[Date "2023.07.17"]
[Round "1"]
[White "Lehtinen, Tero"]
[Black "Koykka, Pekka"]
[Result "0-1"]
[WhiteElo "1798"]
[BlackElo "2332"]
[PlyCount "62"]
[EventDate "2023.07.17"]
[EventType "swiss"]
[EventRounds "9"]
[EventCountry "FIN"]
[SourceTitle "CBM 215 Extra"]
[Source "ChessBase"]
[SourceDate "2023.09.30"]
[SourceVersion "1"]
[SourceVersionDate "2023.09.30"]
[SourceQuality "1"]

1. e4 c6 2. Nf3 d6 3. d4 Nf6 4. Bd3 e5 5. c3 Nbd7 6. 0-0 Be7 7. Nbd2 0-0 8. a4 Qc7 9. Re1 Re8 10. a5 Nf8 11. Bf1 Bg4 12. h3 Bh5 13. g3 exd4 14. cxd4 Ne6 15. Qc2 d5 16. e5 Nd7 17. Bd3 Ndf8 18. Ra4 b5 19. axb6 axb6 20. b3 Rxa4 21. bxa4 Bb4 22. Re3 c5 23. Bb5 Rc8 24. Bb2 cxd4 25. Qxc7 Rxc7 26. Rb3 Bc3 27. Bd3 Nc5 28. Bxc3 Nxb3 29. Bxd4 Rc1+ 30. Kg2 Bxf3+ 31. Nxf3 Nxd4 0-1

[Event "FIN-ch"]
[Site "Helsinki"]
[Date "2023.04.12"]
[Round "6"]
[White "Keinanen, Toivo"]
[Black "Koykka, Pekka"]
[Result "1/2-1/2"]
[WhiteElo "2501"]
[BlackElo "2329"]
[PlyCount "138"]
[EventDate "2023.04.07"]
[EventType "swiss"]
[EventRounds "9"]
[EventCountry "FIN"]
[SourceTitle "CBM 213 Extra"]
[Source "ChessBase"]
[SourceDate "2023.05.31"]
[SourceVersion "1"]
[SourceVersionDate "2023.05.31"]
[SourceQuality "1"]

1. Nf3 b6 2. e4 Bb7 3. Nc3 e6 4. d4 Bb4 5. Bd3 Nf6 6. Nd2 Bxc3 7. bxc3 d6 8. 0-0 e5 9. f4 exf4 10. Rxf4 Nbd7 11. a4 0-0 12. Nf1 Re8 13. Ng3 Nf8 14. Rf1 Nxe4 15. Qf3 Nxg3 16. Qxf7+ Kh8 17. hxg3 Be4 18. a5 Nd7 19. Bxe4 Rxe4 20. axb6 cxb6 21. Bf4 Re7 22. Qd5 Nf6 23. Qxd6 Qe8 24. Bg5 Re6 25. Qf4 Nh5 26. Qf3 h6 27. d5 Re5 28. Bd2 Qg6 29. g4 Nf6 30. d6 Rd8 31. Bf4 Re4 32. Rxa7 Nxg4 33. Re7 Rxe7 34. dxe7 Re8 35. Re1 b5 36. Bg3 Qb6+ 37. Kh1 Qg6 38. Kg1 Qb6+ 39. Bf2 Qxf2+ 40. Qxf2 Nxf2 41. Kxf2 Kg8 42. Re5 Kf7 43. Rxb5 Rxe7 44. Rf5+ Ke6 45. Rf4 Kd5 46. Rd4+ Kc5 47. Kf3 Ra7 48. Kg4 Ra2 49. Kh5 Ra6 50. Rd7 Ra1 51. Rxg7 Rh1+ 52. Kg4 h5+ 53. Kf3 h4 54. Rh7 Rh2 55. Kf2 Rh1 56. Rg7 Rc1 57. Rh7 Rxc2+ 58. Kg1 Kd6 59. Rxh4 Rxc3 60. Re4 Rc5 61. Kf2 Kd5 62. Re2 Rc3 63. Kg1 Ra3 64. Kh2 Rb3 65. g3 Rb8 66. g4 Rb3 67. g5 Ra3 68. Kg2 Kd6 69. Kh2 Ra5 1/2-1/2

[Event "FIN-ch"]
[Site "Helsinki"]
[Date "2023.04.07"]
[Round "1"]
[White "Aalto, Patrik"]
[Black "Koykka, Pekka"]
[Result "1/2-1/2"]
[WhiteElo "2251"]
[BlackElo "2329"]
[PlyCount "86"]
[EventDate "2023.04.07"]
[EventType "swiss"]
[EventRounds "9"]
[EventCountry "FIN"]
[SourceTitle "CBM 213 Extra"]
[Source "ChessBase"]
[SourceDate "2023.05.31"]
[SourceVersion "1"]
[SourceVersionDate "2023.05.31"]
[SourceQuality "1"]

1. Nf3 b6 2. e4 Bb7 3. Nc3 e6 4. d4 Bb4 5. Bd3 Nf6 6. Qe2 d5 7. exd5 Qxd5 8. 0-0 Bxc3 9. bxc3 0-0 10. c4 Qh5 11. Bf4 Rc8 12. c3 Nbd7 13. a4 Qg4 14. Bg3 Be4 15. Rfe1 Bxd3 16. Qxd3 a5 17. Rab1 Qg6 18. Qe2 Nh5 19. Be5 Qf5 20. Rb5 c5 21. Rd1 Nf4 22. Qd2 Ng6 23. Bg3 Qe4 24. Re1 Qb7 25. d5 Ngf8 26. Ng5 exd5 27. cxd5 Re8 28. c4 Nf6 29. Reb1 N8d7 30. Nf3 Ne4 31. Qc2 Nxg3 32. hxg3 Qc7 33. Ng5 g6 34. Rd1 Qe5 35. Nf3 Qe4 36. Rb2 Qxc2 37. Rxc2 Re4 38. Kf1 Rae8 39. Re1 Rxe1+ 40. Nxe1 Kf8 41. Nd3 Re4 42. f3 Rd4 43. Ke2 h5 1/2-1/2

[Event "FIN-chT 2223"]
[Site "Finland"]
[Date "2023.04.02"]
[Round "11.1"]
[White "Karttunen, Mika"]
[Black "Koykka, Pekka"]
[Result "1/2-1/2"]
[WhiteElo "2495"]
[BlackElo "2353"]
[PlyCount "91"]
[EventDate "2022.09.24"]
[EventType "team-tourn"]
[EventRounds "11"]
[EventCountry "FIN"]
[SourceTitle "EXT 2024"]
[Source "ChessBase"]
[SourceDate "2023.10.10"]
[SourceVersion "1"]
[SourceVersionDate "2023.10.10"]
[SourceQuality "1"]
[WhiteTeam "Tampere Tammer"]
[BlackTeam "Gambiitti"]
[WhiteTeamCountry "FIN"]
[BlackTeamCountry "FIN"]

1. e4 e5 2. Nc3 Nf6 3. f4 d5 4. fxe5 Nxe4 5. Qf3 Nc6 6. Bb5 Nxc3 7. bxc3 Qh4+ 8. g3 Qe4+ 9. Qxe4 dxe4 10. Ne2 Bd7 11. Bxc6 Bxc6 12. Rf1 Ba4 13. Nd4 c5 14. Nb3 c4 15. Nd4 Bc5 16. Kd1 Rd8 17. Re1 Bxd4 18. cxd4 Rxd4 19. Bb2 Rd5 20. Rxe4 b5 21. Rd4 Rxd4 22. Bxd4 Ke7 23. Bxa7 Ke6 24. Bd4 Kd5 25. Bc3 Ke4 26. Kc1 Kf3 27. Kb2 Kg2 28. g4 h5 29. gxh5 Rxh5 30. Re1 g5 31. e6 fxe6 32. Rxe6 Kxh2 33. Rg6 Kh3 34. a3 g4 35. Bd4 g3 36. Kc3 Rf5 37. Rh6+ Kg2 38. Rg6 Kf3 39. Ba7 Rf4 40. Rxg3+ Kxg3 41. Bb8 Kf3 42. Bxf4 Kxf4 43. d3 cxd3 44. Kxd3 Ke5 45. c4 bxc4+ 46. Kxc4 1/2-1/2

[Event "FIN-ch"]
[Site "Helsinki"]
[Date "2022.04.22"]
[Round "8"]
[White "Koykka, Pekka"]
[Black "Ronka, Erik"]
[Result "1-0"]
[WhiteElo "2346"]
[BlackElo "2325"]
[PlyCount "101"]
[EventDate "2022.04.15"]
[EventType "tourn"]
[EventRounds "9"]
[EventCountry "FIN"]
[EventCategory "3"]
[SourceTitle "CBM 207 Extra"]
[Source "ChessBase"]
[SourceDate "2022.05.31"]
[SourceVersion "1"]
[SourceVersionDate "2022.05.31"]
[SourceQuality "1"]

1. Nf3 d5 2. e3 Nf6 3. c4 c6 4. Nc3 Nbd7 5. Qc2 e5 6. cxd5 Nxd5 7. a3 Nxc3 8. bxc3 Bd6 9. d4 0-0 10. Bd3 h6 11. 0-0 b6 12. Bb2 Bb7 13. c4 Re8 14. Bh7+ Kh8 15. Bf5 exd4 16. exd4 c5 17. d5 Ne5 18. Nd2 Bc8 19. Bxc8 Rxc8 20. Qc3 f6 21. h3 Qd7 22. Ne4 Ng6 23. Nxd6 Qxd6 24. Rfe1 Qd7 25. Qc2 Nf8 26. Red1 Qd6 27. a4 Re7 28. a5 Rce8 29. axb6 axb6 30. Bc3 Nd7 31. Bd2 Ne5 32. Qb3 Nd7 33. Qb5 Re4 34. Ra7 Nf8 35. Rb7 Rb8 36. Rxb8 Qxb8 37. Be3 Qd8 38. Ra1 Qe8 39. Qxb6 Rxc4 40. Qb7 Ra4 41. Rxa4 Qxa4 42. Qc8 Qa1+ 43. Kh2 Qe5+ 44. g3 Qxd5 45. Qxf8+ Kh7 46. Qxc5 Qf3 47. Qc2+ Kh8 48. g4 Kg8 49. Qc8+ Kf7 50. Qd7+ Kg8 51. Qe6+ 1-0

[Event "FIN-chT 2022"]
[Site "Finland"]
[Date "2022.04.10"]
[Round "2.1"]
[White "Keinanen, Toivo"]
[Black "Koykka, Pekka"]
[Result "1-0"]
[WhiteElo "2477"]
[BlackElo "2368"]
[PlyCount "35"]
[EventDate "2020.09.12"]
[EventType "team-tourn"]
[EventRounds "11"]
[EventCountry "FIN"]
[SourceTitle "EXT 2023"]
[Source "ChessBase"]
[SourceDate "2022.10.05"]
[SourceVersion "1"]
[SourceVersionDate "2022.10.05"]
[SourceQuality "1"]
[WhiteTeam "Espoo MatSK"]
[BlackTeam "Gambiitti"]
[WhiteTeamCountry "FIN"]
[BlackTeamCountry "FIN"]

1. d4 Nf6 2. Nf3 e6 3. e3 b6 4. Bd3 Bb7 5. 0-0 c5 6. c4 Be7 7. Nc3 cxd4 8. exd4 d5 9. cxd5 Nxd5 10. Ne5 0-0 11. Qc2 Nf6 12. Bg5 Qxd4 13. Rfe1 Qc5 14. Bxf6 gxf6 15. Bxh7+ Kg7 16. Be4 Qc7 17. Qd3 Rc8 18. Nb5 1-0

[Event "EU-chT 23rd"]
[Site "Terme Catez"]
[Date "2021.11.18"]
[Round "6.2"]
[White "Koykka, Pekka"]
[Black "Ivic, Velimir"]
[Result "0-1"]
[WhiteElo "2353"]
[BlackElo "2620"]
[PlyCount "80"]
[EventDate "2021.11.12"]
[EventType "team-swiss"]
[EventRounds "9"]
[EventCountry "SLO"]
[SourceTitle "CBM 205"]
[Source "ChessBase"]
[SourceDate "2021.12.31"]
[SourceVersion "1"]
[SourceVersionDate "2021.12.31"]
[SourceQuality "1"]
[WhiteTeam "Finland"]
[BlackTeam "Serbia"]
[WhiteTeamCountry "FIN"]
[BlackTeamCountry "SRB"]

1. d4 d5 2. c4 e6 3. Nc3 Nf6 4. cxd5 exd5 5. Bg5 Bb4 6. Qa4+ Nc6 7. e3 h6 8. Bxf6 Qxf6 9. Bb5 0-0 10. Nge2 a5 11. a3 Bxc3+ 12. Nxc3 Qg6 13. g3 Bh3 14. Bf1 Bxf1 15. Kxf1 Qe6 16. Kg2 Ne7 17. Qb5 Rfb8 18. Rhc1 c6 19. Qd3 Nf5 20. Qc2 Re8 21. Kg1 h5 22. Qd1 Qg6 23. Ne2 Qg5 24. Nf4 g6 25. Rc3 Kg7 26. Ng2 h4 27. Qf3 Re4 28. Nf4 hxg3 29. hxg3 Rh8 30. Qg2 Qh6 31. Rd3 g5 32. Ne2 Re6 33. Kf1 Qh7 34. Rc3 Rh6 35. g4 Nd6 36. Ng3 Rh1+ 37. Ke2 Rxa1 38. Nh5+ Kf8 39. Qg3 Qg6 40. Qe5 Rxh5 0-1

[Event "EU-chT 23rd"]
[Site "Terme Catez"]
[Date "2021.11.14"]
[Round "3.12"]
[White "Borisek, Jure"]
[Black "Koykka, Pekka"]
[Result "1-0"]
[WhiteElo "2595"]
[BlackElo "2353"]
[PlyCount "57"]
[EventDate "2021.11.12"]
[EventType "team-swiss"]
[EventRounds "9"]
[EventCountry "SLO"]
[SourceTitle "CBM 205"]
[Source "ChessBase"]
[SourceDate "2021.12.31"]
[SourceVersion "1"]
[SourceVersionDate "2021.12.31"]
[SourceQuality "1"]
[WhiteTeam "Slovenia"]
[BlackTeam "Finland"]
[WhiteTeamCountry "SLO"]
[BlackTeamCountry "FIN"]

1. e4 c6 2. d4 d5 3. e5 c5 4. dxc5 e6 5. Nf3 Bxc5 6. Bd3 Ne7 7. 0-0 Ng6 8. c3 Nc6 9. Re1 Qc7 10. Qe2 a6 11. h4 f6 12. exf6 gxf6 13. c4 d4 14. a3 a5 15. h5 Nf4 16. Bxf4 Qxf4 17. Nbd2 e5 18. Be4 Bg4 19. Qd3 Bxh5 20. g3 Qh6 21. Bxc6+ bxc6 22. Nxe5 fxe5 23. Rxe5+ Be7 24. Rae1 Ra7 25. Qxd4 Rd7 26. Rxe7+ Rxe7 27. Qxh8+ Kf7 28. Rxe7+ Kxe7 29. Qe5+ 1-0

[Event "FIN-chT 2022"]
[Site "Finland"]
[Date "2021.10.16"]
[Round "11.1"]
[White "Koykka, Pekka"]
[Black "Wartiovaara, Oliver"]
[Result "1/2-1/2"]
[WhiteElo "2368"]
[BlackElo "2138"]
[PlyCount "126"]
[EventDate "2020.09.12"]
[EventType "team-tourn"]
[EventRounds "11"]
[EventCountry "FIN"]
[SourceTitle "EXT 2023"]
[Source "ChessBase"]
[SourceDate "2022.10.05"]
[SourceVersion "1"]
[SourceVersionDate "2022.10.05"]
[SourceQuality "1"]
[WhiteTeam "Gambiitti"]
[BlackTeam "Espoo MatSK II"]
[WhiteTeamCountry "FIN"]
[BlackTeamCountry "FIN"]

1. d4 Nf6 2. Nf3 g6 3. Bf4 Bg7 4. e3 0-0 5. h3 d6 6. Nbd2 b6 7. Bh2 c5 8. Bd3 Bb7 9. 0-0 Nbd7 10. Re1 a6 11. a4 Ra7 12. c3 cxd4 13. cxd4 Nd5 14. Qb3 a5 15. Bc4 Nb4 16. Rac1 e5 17. Bg3 Bc6 18. Bb5 Bxb5 19. axb5 Rc7 20. Rc3 exd4 21. exd4 Nf6 22. Bh4 Qd7 23. Bxf6 Bxf6 24. Ne4 Bg7 25. Rec1 Rfc8 26. Rxc7 Rxc7 27. Rxc7 Qxc7 28. Nc3 d5 29. g3 Qd7 30. Kg2 Qe6 31. Na4 Qe2 32. Nc3 Qd3 33. Qd1 Qxd1 34. Nxd1 Nc2 35. Nc3 Nxd4 36. Nxd4 Bxd4 37. Nxd5 f5 38. b3 Kf7 39. Nf4 Ke7 40. g4 Kd6 41. gxf5 Ke5 42. Ne2 gxf5 43. Kf3 Bc5 44. h4 Be7 45. h5 Bd6 46. Ke3 Kd5 47. Kd3 Be5 48. f4 Bd6 49. Nd4 Bxf4 50. Nxf5 Kc5 51. Nd4 Be5 52. Ne6+ Kb4 53. Kc2 h6 54. Nf8 Kxb5 55. Ng6 Bf6 56. Nf4 Kc5 57. Kd3 b5 58. Ng2 Kd5 59. Ne3+ Ke5 60. Ng4+ Ke6 61. Nxh6 a4 62. bxa4 bxa4 63. Kc4 a3 1/2-1/2

[Event "Barcelona Ciutat op"]
[Site "Barcelona"]
[Date "2021.08.20"]
[Round "3"]
[White "Peralta, Fernando"]
[Black "Koykka, Pekka"]
[Result "1-0"]
[WhiteElo "2570"]
[BlackElo "2365"]
[PlyCount "77"]
[EventDate "2021.08.18"]
[EventType "swiss"]
[EventRounds "9"]
[EventCountry "ESP"]
[SourceTitle "CBM 204 Extra"]
[Source "ChessBase"]
[SourceDate "2021.11.30"]
[SourceVersion "1"]
[SourceVersionDate "2021.11.30"]
[SourceQuality "1"]

1. d4 f5 2. g3 Nf6 3. Bg2 g6 4. Nf3 Bg7 5. 0-0 0-0 6. c4 d6 7. Nc3 Qe8 8. d5 a5 9. Re1 Na6 10. Be3 Bd7 11. Bd4 c5 12. Bxf6 exf6 13. Qd2 Nc7 14. e4 Qd8 15. Qf4 Ra6 16. exf5 Bxf5 17. a4 Bd7 18. Nb5 g5 19. Qe3 Ne8 20. Re2 Ra8 21. Rae1 Rf7 22. Qd3 Bf8 23. Nd2 Ng7 24. Re6 Bxb5 25. cxb5 c4 26. Nxc4 Nxe6 27. dxe6 Re7 28. Bd5 Rc8 29. Kg2 Rc5 30. Rh1 Qc8 31. Re1 Kh8 32. Nxd6 Qd8 33. Bb3 Kg8 34. Rd1 b6 35. Qf3 Qc7 36. Nf5 Rxf5 37. Qxf5 Qe5 38. Qxe5 fxe5 39. Rd6 1-0